La rente fonciere dans le capitalisme agricole : Documents et recherches d'économie et socialisme

Na minha lista:
Detalhes bibliográficos
Autor principal: Postel-Vinay, Gilles
Formato: Livro
Idioma:Undetermined
Publicado em: Paris Francois Maspero 1974
Assuntos:
Tags: Adicionar Tag
Sem tags, seja o primeiro a adicionar uma tag!
Thư viện lưu trữ: Trung tâm Học liệu Trường Đại học Cần Thơ
LEADER 00568nam a2200193Ia 4500
001 CTU_68961
008 210402s9999 xx 000 0 und d
082 |a 338.18 
082 |b P857 
100 |a Postel-Vinay, Gilles 
245 0 |a La rente fonciere dans le capitalisme agricole : 
245 0 |b Documents et recherches d'économie et socialisme 
245 0 |c Gilles Postel-Vinay 
260 |a Paris 
260 |b Francois Maspero 
260 |c 1974 
650 |a Agriculture and state 
904 |i Minh 
980 |a Trung tâm Học liệu Trường Đại học Cần Thơ